| 000 | 01916nam a2200265Ia 4500 | ||
|---|---|---|---|
| 008 | 260220t1945||||xx |||||||||||||| ||spa|| | ||
| 040 |
_aPY-SlUNAC _bspa _erda |
||
| 041 | _aspa | ||
| 082 |
_a540 _bC167q |
||
| 100 |
_aCalvet, Enrique _eAutor |
||
| 245 | 0 |
_aQuímica general aplicada a la industria con prácticas de laboratorio / _cpor Enrique Calvet [Autor] |
|
| 250 | _aSegunda edición | ||
| 264 |
_aBarcelona : _bSalvat editores, _c℗1945. |
||
| 300 | _a916 páginas | ||
| 490 |
_a _vtomo 1 |
||
| 520 | _aEl libro "Química general aplicada a la industria con prácticas de laboratorio" de Enrique Calvet, publicado en 1945, ofrece una visión integral de los principios de la química general y su aplicación en el ámbito industrial. A lo largo de sus capítulos, el autor aborda conceptos fundamentales como la estructura atómica, las propiedades de los elementos y compuestos, las reacciones químicas y la termodinámica, contextualizándolos en procesos industriales reales. Además, el texto incluye una serie de prácticas de laboratorio diseñadas para ilustrar y reforzar los conceptos teóricos, permitiendo a los estudiantes experimentar con técnicas y métodos relevantes en la industria química. Calvet enfatiza la importancia de la química en la producción de bienes y en la mejora de procesos industriales, proporcionando ejemplos concretos que reflejan su relevancia. La obra se convierte así en una herramienta valiosa para estudiantes y profesionales que buscan comprender la interrelación entre la teoría química y su aplicación práctica en entornos industriales, promoviendo un aprendizaje activo y aplicado. | ||
| 653 | _aIndustria | ||
| 653 | _aPrácticas de laboratorio | ||
| 653 | _aQuímica | ||
| 942 |
_b2026/02/17 _cBK |
||
| 999 |
_c7838 _d7838 |
||